عرض عادي
عرض مارك
- Physics
مدخل مصطلح موضوعي
001 - رقم الضبط
- حقل الضبط: 46228
003 - معرف رقم الضبط
- حقل الضبط: OSt
005 - تاريخ ووقت أخر عملية
- حقل الضبط: 20140709174936.0
008 - عناصر بيانات ثابتة الطول
- حقل تحكم ثابت الطول: 140709|||a|||||| | ||| d
040 ## - مصدر الفهرسة
- هيئة الفهرسة الأصلية: OSt
- وكالة الكتابة: OSt
150 ## - مدخل-- مصطلح تاريخي
- عنصر مدخل المصطلح الموضوعي او الاسم الجغرافي: Physics
- تفريع عام: Study and teaching (Higher)
- تفريع شكلي: Textbooks.
670 ## - بيانات المصدر موجوده
- الاستشهاد بالمصدر: Work cat.: (OSt)0: Serway, Raymond A. 5306, Physics for scientists and engineers /, 2014.
